书目信息 |
| 题名: |
柏拉图与《理想国》
|
|
| 作者: | 申林 编著 | |
| 分册: | ||
| 出版信息: | 北京 人民出版社 2010.04 |
|
| 页数: | 86页 | |
| 开本: | 21cm | |
| 丛书名: | 西方法政著精要 | |
| 单 册: | ||
| 中图分类: | B502.232 | |
| 科图分类: | ||
| 主题词: | 古希腊罗马哲学--gu xi la luo ma zhe xue--通俗读物 | |
| 电子资源: | ||
| ISBN: | 978-7-01-008743-6 | |
| 000 | 01065nam 2200277 450 | |
| 001 | 012010025028 | |
| 005 | 20100605081728.28 | |
| 010 | @a978-7-01-008743-6@dCNY12.00 | |
| 100 | @a20100604d2010 em y0chiy0120 ea | |
| 101 | 0 | @achi |
| 102 | @aCN@b110000 | |
| 105 | @ay a 000yy | |
| 106 | @ar | |
| 200 | 1 | @a柏拉图与《理想国》@Abai la tu yu《li xiang guo》@d= The republic@f申林编著@Fben ce bian zhu shen lin@zeng |
| 210 | @a北京@c人民出版社@d2010.04 | |
| 215 | @a86页@d21cm | |
| 225 | 2 | @a西方法政著精要@Axi fang fa zheng zhu jing yao |
| 320 | @a有书目 | |
| 330 | @a本书包括三个部分:作者生平、著作导读和原文精要。其中原文精略部分是对原作的缩略性、通俗化改写,但对其中各精彩论述或经典性论断按译文原文作摘录,以便学者、学子们引证或查阅。其中导读部分则出于各书编著者阅读原著的体会、理解。 | |
| 410 | 0 | @12001 @a西方法政著精要 |
| 510 | 1 | @aRepublic@zeng |
| 606 | 0 | @a古希腊罗马哲学@Agu xi la luo ma zhe xue@j通俗读物 |
| 690 | @aB502.232@v4 | |
| 701 | 0 | @a申林@Ashen lin@4编著 |
| 801 | 0 | @aCN@bQSSK@c20100605 |
| 905 | @b781740-42@dB502.232@eS367@f3 | |
| 柏拉图与《理想国》= The republic/申林编著.-北京:人民出版社,2010.04 |
| 86页;21cm.-(西方法政著精要) |
| ISBN 978-7-01-008743-6:CNY12.00 |
| 本书包括三个部分:作者生平、著作导读和原文精要。其中原文精略部分是对原作的缩略性、通俗化改写,但对其中各精彩论述或经典性论断按译文原文作摘录,以便学者、学子们引证或查阅。其中导读部分则出于各书编著者阅读原著的体会、理解。 |
| ● |
| 相关链接 |
|
|
|
正题名:柏拉图与《理想国》
索取号:B502.232/S367
 
预约/预借
| 序号 | 登录号 | 条形码 | 馆藏地/架位号 | 状态 | 备注 |
| 1 | 781740 | 207817406 | 社科库509/509社科库 16排4列4层/ [索取号:B502.232/S367] | 在馆 | |
| 2 | 781741 | 207817415 | 社科库509/509社科库 16排4列4层/ [索取号:B502.232/S367] | 在馆 | |
| 3 | 781742 | 207817424 | 社科库509/509社科库 16排4列4层/ [索取号:B502.232/S367] | 在馆 |